| Tag |
First Indicator |
Second Indicator |
Subfields |
| LEADER |
00000cam a2200000 4500 |
| 001 |
in00000076853 |
| 005 |
20151008054949.0 |
| 008 |
770809s1976 ph i00000 eng d |
| 035 |
|
|
|a (OCoLC)03172132
|
| 035 |
|
|
|9 AAJ2177AM
|
| 040 |
|
|
|a FUA
|c FUA
|d TXA
|d UtOrBLW
|
| 049 |
|
|
|a TXAM
|c 1 [1555909], 2 [1502112], 3 [A09048109]
|
| 090 |
|
|
|a SB191.R5
|b X8 1976
|
| 100 |
1 |
|
|a Xuân, Võ-Tòng.
|
| 245 |
1 |
0 |
|a Training manual for rice production /
|c Vo-tong Xuan and Vernon E. Ross ; illustrations by Federico Gatmaitan.
|
| 264 |
|
1 |
|a Los Banos, Philippines :
|b International Rice Research Institute,
|c 1976.
|
| 300 |
|
|
|a 140 pages :
|b illustrations ;
|c 28 cm.
|
| 336 |
|
|
|a text
|b txt
|2 rdacontent
|
| 337 |
|
|
|a unmediated
|b n
|2 rdamedia
|
| 338 |
|
|
|a volume
|b nc
|2 rdacarrier
|
| 500 |
|
|
|a Includes bibliographies.
|
| 650 |
|
0 |
|a Rice.
|
| 700 |
1 |
|
|a Ross, Vernon E.
|
| 710 |
2 |
|
|a International Rice Research Institute.
|
| 999 |
|
|
|a MARS
|
| 999 |
f |
f |
|s c30fcab0-90ad-31d9-8b5d-9bec16bf8888
|i cf8e1bf4-865c-3e9c-8c97-57be508702aa
|t 0
|
| 952 |
f |
f |
|p ric
|a Texas A&M University
|b Rellis Campus
|c Joint Library Facility
|d Remote Storage
|t 0
|e SB191.R5 X8 1976
|h Library of Congress classification
|i unmediated -- volume
|m A14809048109
|
| 998 |
f |
f |
|a SB191.R5 X8 1976
|t 0
|l Remote Storage
|